000 00495nam a2200181 4500
001 44796
090 _a44796
100 _a20250919 pory50
101 _apor
_ait
102 _aPT
200 _aHitler versus Picasso
_ea obsessão Nazi pela Arte
_frealiz. Claudio Poli
_garg. Didi Gnocchi
210 _aItália
_cFesta do Cinema Italiano .com
_d[2019]
215 _a1 DVD
225 _aFesta do Cinema Italiano
_v7
300 _aM/12 95 m.
675 _a7
801 _aPT
_gRPC
990 _cFILMES DVD